| 000 | 02494nkm0a22004571 4500 | ||
|---|---|---|---|
| 001 | RU\NLR\INFOCOMM_10\5000066624 | ||
| 005 | 20250806205500.0 | ||
| 035 | _a(NLR Aleph) 010755807 | ||
| 090 |
_a77838 _c77838 |
||
| 100 | _a20150325d1944 u y0rusy50 ca | ||
| 101 | 0 | _arus | |
| 102 | _aRU | ||
| 116 | _aiybxx xx zz | ||
| 135 | _acrcn 024apaba | ||
| 200 | 1 |
_aПрограмма на 16 и 18 октября 1944 г. Птички певчие (Перикола) _bИзоматериалы _eмузыкальная комедия в 3-х действиях и 4-х картинах _fмузыка Оффенбаха _gтекст Вольяно _gпостановка режиссера Г. М. Полячек _gбалетмейстеры: Е. П. Ильющенко и Я. Д. Ицхоки _gдирижер А. А. Логинов _gВыборгский дом культуры |
|
| 210 |
_a[Ленинград] _cЛТ УН-6 _d[1944] |
||
| 215 | _a1 с. | ||
| 325 | _aКопия доступна в Электрон. б-ке РНБ | ||
| 517 | 1 | _aПтички певчие | |
| 517 | 1 | _aПерикола | |
| 606 | 1 | 0 |
_aБлокада Ленинграда _z1941 - 1944 _2nlr_sh _3RU\NLR\AUTH\661253360 |
| 702 | 1 |
_aОффенбах _bЖ. _f1819-1880 _gЖак _4230 |
|
| 702 | 1 |
_aВольяно _4480 |
|
| 702 | 1 |
_aПолячек _bГ. М. _cтеатр. деятель, режиссер _f1911-2001 _gГригорий Маркович _3RU\NLR\AUTH\770205842 _4300 |
|
| 702 | 1 |
_aИльющенко _bЕ. П. _4200 |
|
| 702 | 1 |
_aИцхоки _bЯ. Д. _4200 |
|
| 702 | 1 |
_aЛогинов _bА. А. _cмузыкант, композитор _gАлексей Александрович _3RU\NLR\AUTH\770203255 _4250 |
|
| 710 | 0 | 2 |
_aМузыкальная комедия, театр _cЛенинград _4070 |
| 801 | 1 |
_aRU _binfocomm _c20150325 |
|
| 801 | 0 |
_aRU _bNLR _gPSBO |
|
| 852 |
_aNLR _bЛ3-330п _j3/1944-2 _pЛМ. 1864 |
||
| 856 | 0 | _uhttp://vivaldi.nlr.ru/al000000327/view | |
| 856 | 1 | _uhttp://vivaldi.nlr.ru/al000000327/cover | |
| 856 | 2 | _uhttp://vivaldi.nlr.ru/al000000327/text | |
| 942 | _cVISUAL | ||
| 945 | _aРоссийская национальная библиотека | ||
| 980 | _aBV | ||
| 981 | 3 | 7 |
_a(37) Ленинград в Великой Отечественной войне _b(37) Театральные, концертные программки, репертуары |
| 981 | 3 | 4 | _a(34) Санкт-Петербург |